000 00675nam a2200169 a 4500
001 000016025
005 20200929164236.0
008 100223s1969 dr 000 0 spa d
040 _aDO-SdBNP
_bspa
_cBNPHU
082 _axxx
_bP645d
100 1 _aPina Acevedo, Ramón
_919631
245 1 3 _aUn defecto del sistema acusatorio :
_bla intervención de los terceros en la acción pública como garantía del derecho de no ser perjudicado por un fallo sin haber sido oído /
_cRamón Pina Acevedo.
260 _aCuernava, México :
_bColegio de Abogado de la República Dominicana,
_c1969.
300 _a24 p. ;
_c24 cm.
504 _aIncluye bibliografías [p. 24]
049 _aBNPD
999 _c15567
_d15567